| 000 | 01749cam a2200433 i 4500 | ||
|---|---|---|---|
| 001 | 200468056 | ||
| 003 | TR-AnTOB | ||
| 005 | 20260413090145.0 | ||
| 007 | ta | ||
| 008 | 260413s1966 nyu 000 1 eng | ||
| 010 | _a 66022289 | ||
| 035 | _a(CLU)150094-ucladb-Voyager | ||
| 035 |
_a(OCoLC)00290572 _z(OCoLC)976992722 _z(OCoLC)1249604146 |
||
| 035 | _a(OCoLC)ocm00290572 | ||
| 035 | _a(EXLNZ-01UCS_NETWORK)9912828435006531 | ||
| 035 | _a(TR-AnTOB)200468056 | ||
| 040 |
_aDLC _beng _erda _cWSU _dDLC _dCGW _dBTCTA _dOCLCQ _dWPB _dZAD _dDEBBG _dOCLCF _dOCLCQ _dOCLCO _dOCLCQ _dTC@ _dCNUTO _dOCLCQ _dHRY _dOCLCQ _dXFF _dOCLCQ _dCPO _dS#L _dOCLCQ _dOCLCO _dOCL _dCBA _dOCLCO _dSJD _dOCLCL _dOCLCQ _dTR-AnTOB |
||
| 041 | 0 | _aeng | |
| 043 | _an-us-ca | ||
| 050 | 0 | 4 |
_aPS3545.E8315 _bM3 1966 |
| 090 |
_aPS3545.E8315 _bM3 1966 |
||
| 100 | 1 |
_aWest, Jessamyn _eauthor _4aut _9153566 |
|
| 245 | 1 | 2 |
_aA matter of time / _cby Jessamyn West. |
| 250 | _aFirst edition. | ||
| 264 | 1 |
_aNew York : _bHarcourt, Brace & World, _c[1966] |
|
| 300 |
_a310 pages ; _c22 cm |
||
| 336 |
_atext _btxt _2rdacontent |
||
| 337 |
_aunmediated _bn _2rdamedia |
||
| 338 |
_avolume _bnc _2rdacarrier |
||
| 520 | _aTwo sisters, literally involved in a matter of life and death, find themselves recollecting the dreams, adventures, joys, and conflicts of their early youth. | ||
| 650 | 0 |
_aCancer _xPatients _vFiction _9153231 |
|
| 650 | 0 |
_aDeath _vFiction _986518 |
|
| 651 | 0 |
_aCalifornia _vFiction _984827 |
|
| 655 | 7 |
_aStream of consciousness fiction _2lcgft _0http://id.loc.gov/authorities/genreForms/gf2014026561 _9153567 |
|
| 655 | 7 |
_aFiction _2lcgft _0https://id.loc.gov/authorities/genreForms/gf2014026339 _9151487 |
|
| 942 |
_2lcc _cBK |
||
| 999 |
_c200468056 _d86268 |
||